000 00348nam a22001577a 4500
003 MACL
005 20151125154943.0
008 151125b xxu||||| |||| 00| 0 eng d
040 _cMACL
041 _aEnglish
082 _a100/GUP
100 _aGupta,M.G.
_916965
245 _aIndian Mysticism
650 _aMysticism
_918282
942 _2ddc
_cBK
999 _c51162
_d51162